On This Day: March 25th II Quiz Stats

 Plays Quiz Updated Mar 25, 2018

Score 0/7 Timer 03:00
0 Plays Today
Question Answer Wrong Answers
This American actress, best known for her role as Carrie Bradshaw on the HBO series ‘Sex and the City’, is born.
1965
Sarah Jessica Parker
88.3%
Kim Cattrall
3.3%
Jennifer Aniston
1.9%
Sarah Michelle Gellar
4.4%
This moon, Saturn’s largest, is discovered by Christiaan Huygens.
1655
Titan
86.2%
Colossus
8.9%
Cyclops
2.3%
Hercules
2.5%
Civil rights activists led by Martin Luther King Jr. successfully complete their 4-day 50-mile march from Selma to the capitol in ______.
1965
Montgomery
80.8%
Jackson
5%
Atlanta
6.1%
Little Rock
5.8%
The Slave Trade Act becomes law, abolishing the slave trade in the ______.
1807
British Empire
78.1%
United States
18.6%
Qing Empire
1.4%
Tokugawa Shogunate
1.1%
While being imported from London, United States Customs seizes copies of the poem ‘Howl’ by this author on obscenity grounds.
1957
Allen Ginsberg
49.8%
Jack Kerouac
21.8%
William S. Burroughs
19.6%
Ken Kesey
7%
The first fully functional Space Shuttle orbiter, ______, is delivered to the John F. Kennedy Space Center to be prepared for its first launch.
1979
Columbia
49.7%
Voyager
33.8%
Viking
4.8%
Pioneer
9.4%
This former country in Central Europe joins the Axis powers with the signing of the Tripartite Pact.
1941
Yugoslavia
48.9%
Czechoslovakia
35.1%
Papal States
2.2%
Prussia
12.3%

You're not logged in!

Compare scores with friends on all Sporcle quizzes.
OR
Log In

Sporcle TV

Today on Sporcle TV


Watch our educational content, quiz creation guides, and fun videos on Sporcle TV.

Show Comments

Extras

Top Quizzes Today


Score Distribution

Your Account Isn't Verified!

In order to create a playlist on Sporcle, you need to verify the email address you used during registration. Go to your Sporcle Settings to finish the process.

Report this User

Report this user for behavior that violates our Community Guidelines.

Details: